| 000 | 00572nam a2200193Ia 4500 | ||
|---|---|---|---|
| 003 | OSt | ||
| 005 | 20241003121435.0 | ||
| 008 | 210210b1957 xxu||||| |||| 00| 0 eng d | ||
| 040 | _cAL | ||
| 041 | _aKannada | ||
| 082 | _a859/1636 | ||
| 100 |
_aLIN HEZEL _9156139 _dಲಿನ್ ಹೆಝೆಲ್ |
||
| 245 |
_aChikitsakaru _bಚಿಕಿತ್ಸಕರು |
||
| 260 |
_aMangaluru _bKannada Prapancha Prakashana _c1957 |
||
| 690 |
_aKannada Fiction _9156140 |
||
| 700 |
_aIshvara Bhatta _dಈಶ್ವರ ಭಟ್ಟ _9181233 |
||
| 906 | _a022359 | ||
| 942 |
_2ddc _cBK |
||
| 999 |
_c146689 _d146689 |
||